Normal view
MARC view
Entry Nombre personal
001 - NÚMERO DE CONTROL
- campo de control: 163743
003 - IDENTIFICADOR DEL NÚMERO DE CONTROL
- campo de control: CHAP
005 - FECHA Y HORA DE LA ÚLTIMA TRANSACCIÓN
- campo de control: 20241205085905.0
008 - DATOS DE LONGITUD FIJA
- campo de control de longitud fija: 220127|| aca||aabn | a|a d
040 ## - FUENTE DE LA CATALOGACIÓN
- Centro catalogador/agencia de origen: mxchpua
- Centro/agencia transcriptor: CHAP
100 1# - ENCABEZAMIENTO-NOMBRE DE PERSONA
- Nombre de persona: Colinas y León, María Teresa Beryl
400 ## - TRAZADO DE VÉASE--NOMBRE DE PERSONA
- Nombre de persona: Colinas León, Maria Teresa Beryl
400 ## - TRAZADO DE VÉASE--NOMBRE DE PERSONA
- Nombre de persona: Colinas León, Maria Teresa B.
400 ## - TRAZADO DE VÉASE--NOMBRE DE PERSONA
- Nombre de persona: Colinas León, Ma. Teresa
400 ## - TRAZADO DE VÉASE--NOMBRE DE PERSONA
- Nombre de persona: Colinas León, Ma. Teresa B.
400 ## - TRAZADO DE VÉASE--NOMBRE DE PERSONA
- Nombre de persona: Colinas de León, Maria Teresa Beryl
400 ## - TRAZADO DE VÉASE--NOMBRE DE PERSONA
- Nombre de persona: Colinas de León, Ma. Teresa Beryl
400 ## - TRAZADO DE VÉASE--NOMBRE DE PERSONA
- Nombre de persona: Colinas de León, Ma. Teresa B.
400 ## - TRAZADO DE VÉASE--NOMBRE DE PERSONA
- Nombre de persona: Colina León, Maria Teresa Beryl
400 ## - TRAZADO DE VÉASE--NOMBRE DE PERSONA
- Nombre de persona: Colina León, Maria Teresa
400 ## - TRAZADO DE VÉASE--NOMBRE DE PERSONA
- Nombre de persona: Colinas y León, Ma, Teresa Beryl
400 ## - TRAZADO DE VÉASE--NOMBRE DE PERSONA
- Nombre de persona: Colinas y León, Ma, Teresa B.
670 ## - FUENTE DE DATOS ENCONTRADOS
- Cita de la fuente: Work cat.: (OSt)185631:
